|
|
|
|
| LEADER |
00772nam a2200193 a 4500 |
| 008 |
090719s1994 enka b 001 0 eng d |
| 020 |
|
|
|a 1853264237
|
| 040 |
|
|
|a DLC
|c DLC
|d DLC
|
| 082 |
0 |
0 |
|a 821/.912
|2 20
|
| 245 |
1 |
0 |
|a The works of Wilfred Owen : /
|c introduction by Douglas Kerr.
|
| 260 |
|
|
|a Hertfordshire :
|b Wordsworth Poetry library,
|c 1994.
|
| 300 |
|
|
|a 75 p. ;
|c 20 cm.
|
| 491 |
1 |
|
|a The Wordsworth Poetry Library
|
| 541 |
1 |
|
|e 00014408
|
| 600 |
1 |
0 |
|a Owen, Wilfred,
|d 1893-1918
|x Criticism and interpretation.
|
| 700 |
1 |
|
|a Kerr, Douglas.
|
| 852 |
4 |
|
|a Ayesha Abed Library
|j General shelf.
|
| 999 |
|
|
|c 2531
|d 2531
|
| 952 |
|
|
|0 0
|1 0
|2 ddc
|4 0
|6 821_912000000000000_KER_1994
|7 0
|9 2408
|a BRACUL
|b BRACUL
|c GEN
|d 2009-07-22
|l 2
|m 16
|o 821.912 KER
|p 3010014408
|r 2025-10-28
|s 2025-07-16
|t 1
|w 2009-07-22
|y BK
|